000 00725cam a2200229 4500
001 ABS62741
008 000000n2000 000 0 eng u
035 _a(Sirsi) u108226
100 _aBeale, P.
245 _aHow to create a modern classic
260 _c2000
490 _aEstates Gazette
_v(0034) 26 August 2000, 72-73(2)
520 _aInvestigates the challenges that face designers and engineers attempting to deliver a modern IT infrastructure into listed buildings.
590 _aABS
650 _aLISTED BUILDINGS
650 _aDESIGNERS
650 _aIT SYSTEMS
650 _aTELECOMMUNICATIONS
650 _aINTERNET
690 _aMANAGEMENT-BUSINESS MANAGEMENT-INFORMATION MANAGEMENT
942 _n0
999 _c64638
_d64638